000
00228nam a22000857a 4500
008
160921b xxu||||| |||| 00| 0 eng d
100
_9
693
_a
Vashista R.N
245
_a
Golden English Core-XII
260
_a
New Delhi
_b
AP publication
_c
2012
999
_c
3350
_d
3350